| 000 | 00373nam a2200157 a 4500 | ||
|---|---|---|---|
| 082 | 0 | 0 |
_a340.59 _bSCH2 |
| 100 | _aSchacht, Joseph | ||
| 245 | _aIntroduction to Islamic Law | ||
| 260 |
_aDelhi _bDeni Book Depot _c0000 |
||
| 300 | _a00p | ||
| 500 | _aincludes index and biblioraphy | ||
| 505 | 2 | _aIndex | |
| 650 | _aIslamic-Law | ||
| 700 | 1 | _aSchacht, Joseph | |
| 942 | _cBK | ||
| 999 |
_c12909 _d12909 |
||